Älteste Achterbahnen Deutschlands - Statistiken

Allgemein
  • Dieses Quiz wurde 41 mal gespielt
  • Das Durchschnittsergebnis liegt bei 6 aus 15
Antwortstatistiken
# Achterbahn In Betrieb seit BL Park % Korrekt
Schweizer Bobbahn 1985 BW Europa-Park
86%
2 Nessie April 1980 SH Hansa-Park
86%
4 Big Loop 1983 NI Heide Park Resort
83%
9 Eurosat - CanCan Coaster 5. August 1989 BW Europa-Park
75%
5 Grottenblitz 1985 NI Heide Park Resort
72%
8 Crazy Bats 1. April 1988 NW Phantasialand
61%
Rasender Tausendfüßler 1986 BW Erlebnispark Tripsdrill
47%
3 SpeedSnake FREE Juni 1981 NW Fort Fun Abenteuerland
47%
6 Marienkäferbahn 1986 NW Fort Fun Abenteuerland
31%
1 Wilde Biene 1979 NW Safariland Stukenbrock
11%
7 Familienachterbahn 1987 NW Schloss Beck
11%
Silverpony Express 1989 BY Freizeit-Land Geiselwind
8%
Marienkäfer Hochbahn 1983 BY Churpfalzpark
6%
10 Butterfly 1989 SH Tolk-Schau
6%
Schmetterlings-Pendelbahn 1989 BY Churpfalzpark
3%
Keine übereinstimmenden Quizze gefunden
Verteilung der Resultate
Anzahl Personen mit jedem Resultat
Perzentil nach korrekt beantworteten Fragen
Ihre Resultats-Entwicklung
Sie haben dieses Quiz noch nicht gespielt